Galicia por imagen - Estadísticas

Estadísticas generales
  • Esta prueba ha sido intentada 1.872 veces
    1.764 desde el último reinicio
  • La puntuación promedio es 11 de 18
Estadísticas de respuestas
Imagen Hint Respuesta % Correcto
(equipo) Celta de Vigo
96%
(marca) Estrella Galicia
96%
(político) Mariano Rajoy
96%
(catedral) Catedral de Santiago de Compostela
95%
(alimento) Empanada
87%
(río) Miño
83%
(torre) Torre de Hércules
79%
(souvenir) Concha de peregrino
76%
(actor) Luis Tosar
69%
(municipio) Fisterra / Finisterre
62%
(construcción) Hórreo
61%
(libro) {Cantares} gallegos
55%
(playa) Playa de Las Catedrales
48%
(leyenda) Santa Compaña
46%
(etapa histórica) Rexurdimento
32%
(parque nacional) Islas Atlánticas de Galicia
27%
(tipo de vasija) Pote
17%
(mártir) Santa {Minia} de Brión
9%
No se encontraron pruebas coincidentes
Distribución de puntuación
Porcentaje de gente con cada puntuación
Porcentaje por número respondido
Historial de tus puntuaciones
No has intentado esta prueba desde el último reinicio